000 00330nam a2200145Ia 4500
008 230711s9999||||xx |||||||||||||| ||und||
041 _aENG
082 _a621.8
_bWI-M
100 _aWindwoard
245 0 _aMan and machine
250 _a1st
260 _c1982
_aNew York
_bWindwoard
650 _aMechanical Engineering
942 _cBK
999 _c972
_d972